| 000 | 00447nab a22001457 4500 | ||
|---|---|---|---|
| 003 | ES-SlBCS | ||
| 005 | 20240313212313.0 | ||
| 008 | 240313s2024 sp ||||| |||| 00| 0 spa d | ||
| 040 |
_aES-SlBCS _bspa |
||
| 041 | _aspa | ||
| 100 | 1 |
_958248 _aLiebsch, Burkhard |
|
| 245 | 1 | 3 |
_aLa guerra como anacronismo y amenaza aparentemente inevitable _cBurkhard Liebsch |
| 773 | 0 |
_gNúm. 404, 2024, págs. 13-26 _tConcilium _wRev134 _x0210-1041 |
|
| 942 |
_2lcc _cAR |
||
| 999 |
_c895091 _d895091 |
||